<?xml version="1.0" encoding="UTF-8"?><?xml-stylesheet type="text/xsl" href="static/style.xsl"?><OAI-PMH xmlns="http://www.openarchives.org/OAI/2.0/" xmlns:xsi="http://www.w3.org/2001/XMLSchema-instance" xsi:schemaLocation="http://www.openarchives.org/OAI/2.0/ http://www.openarchives.org/OAI/2.0/OAI-PMH.xsd"><responseDate>2026-04-13T11:34:40Z</responseDate><request verb="GetRecord" identifier="oai:www.recercat.cat:10459.1/65790" metadataPrefix="marc">https://recercat.cat/oai/request</request><GetRecord><record><header><identifier>oai:recercat.cat:10459.1/65790</identifier><datestamp>2025-05-04T18:47:15Z</datestamp><setSpec>com_2072_3622</setSpec><setSpec>col_2072_479130</setSpec></header><metadata><record xmlns="http://www.loc.gov/MARC21/slim" xmlns:dcterms="http://purl.org/dc/terms/" xmlns:xsi="http://www.w3.org/2001/XMLSchema-instance" xmlns:doc="http://www.lyncode.com/xoai" xsi:schemaLocation="http://www.loc.gov/MARC21/slim http://www.loc.gov/standards/marcxml/schema/MARC21slim.xsd">
   <leader>00925njm 22002777a 4500</leader>
   <datafield ind2=" " ind1=" " tag="042">
      <subfield code="a">dc</subfield>
   </datafield>
   <datafield ind2=" " ind1=" " tag="720">
      <subfield code="a">López, Joan (López i Melcion)</subfield>
      <subfield code="e">author</subfield>
   </datafield>
   <datafield ind2=" " ind1=" " tag="720">
      <subfield code="a">Alonso, Natàlia</subfield>
      <subfield code="e">author</subfield>
   </datafield>
   <datafield ind2=" " ind1=" " tag="720">
      <subfield code="a">Bernal Capdevila, Joan</subfield>
      <subfield code="e">author</subfield>
   </datafield>
   <datafield ind2=" " ind1=" " tag="720">
      <subfield code="a">Castellano Aragonés, Alba</subfield>
      <subfield code="e">author</subfield>
   </datafield>
   <datafield ind2=" " ind1=" " tag="720">
      <subfield code="a">González, Sergi</subfield>
      <subfield code="e">author</subfield>
   </datafield>
   <datafield ind2=" " ind1=" " tag="720">
      <subfield code="a">Martínez, Jordi</subfield>
      <subfield code="e">author</subfield>
   </datafield>
   <datafield ind2=" " ind1=" " tag="720">
      <subfield code="a">Moya, Andreu</subfield>
      <subfield code="e">author</subfield>
   </datafield>
   <datafield ind2=" " ind1=" " tag="720">
      <subfield code="a">Oliva, Josep Antoni</subfield>
      <subfield code="e">author</subfield>
   </datafield>
   <datafield ind2=" " ind1=" " tag="720">
      <subfield code="a">Prats Ferrando, Georgina</subfield>
      <subfield code="e">author</subfield>
   </datafield>
   <datafield ind2=" " ind1=" " tag="720">
      <subfield code="a">Tarongi Chavarri, Miguel</subfield>
      <subfield code="e">author</subfield>
   </datafield>
   <datafield ind2=" " ind1=" " tag="720">
      <subfield code="a">Vila Moreiras, Sílvia</subfield>
      <subfield code="e">author</subfield>
   </datafield>
   <datafield ind2=" " ind1=" " tag="260">
      <subfield code="c">2019-02-27T08:26:30Z</subfield>
   </datafield>
   <datafield ind2=" " ind1=" " tag="260">
      <subfield code="c">2019-02-27T08:26:30Z</subfield>
   </datafield>
   <datafield ind2=" " ind1=" " tag="260">
      <subfield code="c">2018</subfield>
   </datafield>
   <datafield ind2=" " ind1=" " tag="520">
      <subfield code="a">El poblat de Gebut (Soses, Segrià, Catalunya) va ser mal&#xd;
excavat als anys quaranta, i durant decennis va estar abandonat&#xd;
i va patir una degradació sistemàtica, encara que es va realitzar&#xd;
alguna intervenció puntual per recuperar-lo l’any 1987. Finalment,&#xd;
el 2017, es va signar un conveni entre l’Ajuntament de Soses i la&#xd;
Universitat de Lleida per dur a terme un projecte de recerca i de&#xd;
recuperació patrimonial, que va començar el mateix any. En aquest&#xd;
treball es presenta un resum dels resultats assolits durant aquesta&#xd;
primera campanya.&#xd;
Tot i l’estat incipient de la recerca, les intervencions efectuades&#xd;
en diferents punts del jaciment modifiquen ja la visió de Gebut&#xd;
com un simple oppidum de l’ibèric ple i aporten noves dades que&#xd;
n’enriqueixen el valor científic i patrimonial. Entre elles destaquen:&#xd;
el descobriment d’una muralla torrejada de la primera edat del ferro,&#xd;
la datació de l’amortització d’una cisterna en l’ibèric antic, el descobriment&#xd;
d’una ampliació del poblat cap al nord en funcionament&#xd;
durant el segle iii ANE, els canvis en la xarxa viària i la troballa&#xd;
d’un espai de producció possiblement de vi, de característiques&#xd;
insòlites dins del món ibèric català.</subfield>
   </datafield>
   <datafield ind2=" " ind1=" " tag="520">
      <subfield code="a">The settlement of Gebut (Soses, Segrià, Catalonia), poorly&#xd;
excavated in the 1940s, was abandoned for decades and suffered&#xd;
systematic degradation. A modest intervention was carried out&#xd;
in 1987 to recover the site. Finally, in 2017, an agreement was&#xd;
signed between the City Council of Soses and the University of&#xd;
Lleida to carry out a research and heritage recovery project. This&#xd;
paper presents an overview of the findings of this first campaign&#xd;
that began that year.&#xd;
The interventions carried out at different points of the site,&#xd;
although in an incipient stage, already modify the view of Gebut&#xd;
as a simple oppidum dating from the Middle Iberian Period and&#xd;
offer new data that enriches the site’s scientific and heritage value.&#xd;
Among them are the discovery of a wall with towers from the&#xd;
Early Iron Age, a dating of the abandonment of a cistern from&#xd;
the Early Iberian period, the discovery of an expansion of the&#xd;
settlement to the north spanning the 3rd century BC, changes&#xd;
in the road network, and the discovery of a space where wine&#xd;
was possiby produced, features that are unusual in the Iberian&#xd;
period in Catalonia.</subfield>
   </datafield>
   <datafield ind2=" " ind1=" " tag="520">
      <subfield code="a">Aquest treball s’ha dut a terme en el marc del projecte quadriennal 2018-2021, que subvenciona l’OSIC: La fortalesa dels Vilars i l’oppidum de Gebut: Gènesi, identitat i heterogeneïtat en l’ethnos ilerget (CLT009/18/00039); del projecte que subvenciona el
Ministerio de Economía y Competitividad: Prácticas agroalimentarias, asentamientos y espacios domésticos. Relaciones y evolución en los llanos sur-pirenaicos (III-I milenios ANE) (HAR2016-78277-R), i de les activitats de recerca que desenvolupa el Grup de Recerca Consolidat de la Generalitat de Catalunya (2017 SGR 1714), grup mixt UB-UdL: Estudi, Digitalització, Documentació i Divulgació del Patrimoni artístic i arqueològic: recerca i transferència (3DPATRIMONI).</subfield>
   </datafield>
   <datafield ind1="8" ind2=" " tag="024">
      <subfield code="a">http://hdl.handle.net/10459.1/65790</subfield>
   </datafield>
   <datafield tag="653" ind2=" " ind1=" ">
      <subfield code="a">Edat del ferro</subfield>
   </datafield>
   <datafield tag="653" ind2=" " ind1=" ">
      <subfield code="a">Món ibèric</subfield>
   </datafield>
   <datafield tag="653" ind2=" " ind1=" ">
      <subfield code="a">Ilergets</subfield>
   </datafield>
   <datafield tag="653" ind2=" " ind1=" ">
      <subfield code="a">Baix Segre</subfield>
   </datafield>
   <datafield tag="653" ind2=" " ind1=" ">
      <subfield code="a">Fortificació</subfield>
   </datafield>
   <datafield tag="653" ind2=" " ind1=" ">
      <subfield code="a">Producció de vi</subfield>
   </datafield>
   <datafield tag="653" ind2=" " ind1=" ">
      <subfield code="a">Iron Age</subfield>
   </datafield>
   <datafield tag="653" ind2=" " ind1=" ">
      <subfield code="a">Iberian World</subfield>
   </datafield>
   <datafield tag="653" ind2=" " ind1=" ">
      <subfield code="a">Ilergets</subfield>
   </datafield>
   <datafield tag="653" ind2=" " ind1=" ">
      <subfield code="a">Lower Segre River region</subfield>
   </datafield>
   <datafield tag="653" ind2=" " ind1=" ">
      <subfield code="a">Fortification</subfield>
   </datafield>
   <datafield tag="653" ind2=" " ind1=" ">
      <subfield code="a">Wine production</subfield>
   </datafield>
   <datafield ind2="0" ind1="0" tag="245">
      <subfield code="a">L’oppidum ibèric de Gebut (Soses, Segrià): avanç dels resultats de la campanya d’excavacions 2017</subfield>
   </datafield>
   <datafield ind2="0" ind1="0" tag="245">
      <subfield code="a">The Iberian oppidum Gebut (Soses, Segrià): preliminary results of the excavation campaign of 2017</subfield>
   </datafield>
</record></metadata></record></GetRecord></OAI-PMH>